| 000 -LEADER |
| fixed length control field |
02142 a2200421 4500 |
| 003 - CONTROL NUMBER IDENTIFIER |
| control field |
Nust |
| 005 - DATE AND TIME OF LATEST TRANSACTION |
| control field |
20170207165829.0 |
| 020 ## - INTERNATIONAL STANDARD BOOK NUMBER |
| International Standard Book Number |
0-511-59040-7 (electronic bk. : Adobe Digital Editions) |
| 020 ## - INTERNATIONAL STANDARD BOOK NUMBER |
| International Standard Book Number |
0-511-59512-3 (electronic bk) |
| 020 ## - INTERNATIONAL STANDARD BOOK NUMBER |
| International Standard Book Number |
0-521-76214-6 (hbk) |
| 020 ## - INTERNATIONAL STANDARD BOOK NUMBER |
| International Standard Book Number |
6612316667 |
| 020 ## - INTERNATIONAL STANDARD BOOK NUMBER |
| International Standard Book Number |
978-0-511-59040-5 (electronic bk. : Adobe Digital Editions) |
| 020 ## - INTERNATIONAL STANDARD BOOK NUMBER |
| International Standard Book Number |
978-0-511-59512-7 (electronic bk) |
| 020 ## - INTERNATIONAL STANDARD BOOK NUMBER |
| International Standard Book Number |
978-0-521-76214-4 (hbk) |
| 020 ## - INTERNATIONAL STANDARD BOOK NUMBER |
| International Standard Book Number |
9786612316661 |
| 035 ## - SYSTEM CONTROL NUMBER |
| System control number |
(OCoLC)526144819 |
| 040 ## - CATALOGING SOURCE |
| Transcribing agency |
Nust |
| 082 04 - DEWEY DECIMAL CLASSIFICATION NUMBER |
| Classification number |
332.1 |
| 100 1# - MAIN ENTRY--PERSONAL NAME |
| Personal name |
Milne, Alistair |
| 245 14 - TITLE STATEMENT |
| Title |
The fall of the house of credit (EBook) |
| Medium |
[Elektronisk resurs] : |
| Remainder of title |
what went wrong in banking and what can be done to repair the damage? / |
| Statement of responsibility, etc. |
Alistair Milne |
| 260 ## - PUBLICATION, DISTRIBUTION, ETC. |
| Place of publication, distribution, etc. |
Cambridge, UK ; |
| -- |
New York : |
| Name of publisher, distributor, etc. |
Cambridge University Press, |
| Date of publication, distribution, etc. |
2009 |
| 300 ## - PHYSICAL DESCRIPTION |
| Extent |
1 online resource (380 s.) |
| 500 ## - GENERAL NOTE |
| General note |
Includes index |
| 505 0# - FORMATTED CONTENTS NOTE |
| Formatted contents note |
1. Where did all the money go? An analysis of the causes and cure of the current global banking crisis -- 2. Build-up, meltdown and intervention -- 3. We have been here before, haven't we? -- 4. A basic funding tool -- the tranched mortgage-backed security -- 5. Using tranching to make short-term transaction profits -- 6. Borrowing short and lending long: the illusion of liquidity in structured credit -- 7. The levees break -- 8. The flood of losses -- 9. Central banks and money markets -- 10. The run on the world's banks -- Conclusions: repairing the house of credit. |
| 520 ## - SUMMARY, ETC. |
| Summary, etc. |
Untangles the complex world of modern banking and examines solutions to the crisis. |
| 650 #0 - SUBJECT ADDED ENTRY--TOPICAL TERM |
| Topical term or geographic name entry element |
Bank failures |
| 650 #0 - SUBJECT ADDED ENTRY--TOPICAL TERM |
| Topical term or geographic name entry element |
Bankenkrise. |
| 650 #0 - SUBJECT ADDED ENTRY--TOPICAL TERM |
| Topical term or geographic name entry element |
Bankers |
| General subdivision |
Malpractice |
| 650 #0 - SUBJECT ADDED ENTRY--TOPICAL TERM |
| Topical term or geographic name entry element |
Bankinsolvenz. |
| 650 #0 - SUBJECT ADDED ENTRY--TOPICAL TERM |
| Topical term or geographic name entry element |
Banks and banking |
| General subdivision |
Corrupt practices |
| 650 #0 - SUBJECT ADDED ENTRY--TOPICAL TERM |
| Topical term or geographic name entry element |
Credit |
| 650 #0 - SUBJECT ADDED ENTRY--TOPICAL TERM |
| Topical term or geographic name entry element |
Financial crises |
| 650 #0 - SUBJECT ADDED ENTRY--TOPICAL TERM |
| Topical term or geographic name entry element |
Kreditgesch�ft. |
| 651 ## - SUBJECT ADDED ENTRY--GEOGRAPHIC NAME |
| Geographic name |
The fall of the house of credit EBook |
| 655 #4 - INDEX TERM--GENRE/FORM |
| Genre/form data or focus term |
Electronic books. |
| 856 41 - ELECTRONIC LOCATION AND ACCESS |
| Materials specified |
Table of contents |
| Uniform Resource Identifier |
<a href="http://www.myilibrary.com?id=231666&ref=toc">http://www.myilibrary.com?id=231666&ref=toc</a> |
| 856 41 - ELECTRONIC LOCATION AND ACCESS |
| Uniform Resource Identifier |
<a href="http://www.lub.lu.se/cgi-bin/ipchk/http://ebooks.cambridge.org/ebook.jsf?bid=CBO9780511596643">http://www.lub.lu.se/cgi-bin/ipchk/http://ebooks.cambridge.org/ebook.jsf?bid=CBO9780511596643</a> |
| 942 ## - ADDED ENTRY ELEMENTS (KOHA) |
| Source of classification or shelving scheme |
|
| Koha item type |
Book |